000 00732nam a22002537a 4500
003 dpl
005 20180728151145.0
008 180728b xxu||||| |||| 00| 0 eng d
010 _aB-214423
020 _c225.00
_a0143032429
020 _c225.00
_a9780143032427
035 _aB-214423, B-214442
037 _bCen Lib/Ret
040 _aDPL
_bEN
_c0
082 _aN
_bHAR
100 _aHariharan, Githa
_915097
245 _aIn times of siege /
_cby Githa Hariharan
260 _aNew Delhi
_bPenguin Books
_c2003
270 _bNew Delhi
_a11 Community Centre, Panchsheel Park
_e110017
300 _a206p. :
_c20cm(pbk)
650 _aEnglish Fiction
_930040
650 _aEnglish Literature
_930041
942 _2ddc
_cEN
_hN
_mHAR
999 _c125663
_d125663